000 01181nam a22003371a 4500
001 729226
005 20170429020002.0
008 980211s1998 paua bf 001 0 eng d
010 _a98060078
020 _a1566766508
035 _a(OCoLC)38911145
040 _aPPSJ
_cPPSJ
_dDLC
042 _alccopycat
050 0 0 _aLB 2805.P29 1998
_bLB 2805.P29 1998
082 0 0 _a371.2
_221
100 1 _aPalestini, Robert H.
245 1 4 _aThe ten-minute guide to educational leadership :
_ba handbook of insights /
_cDr. Robert H. Palestini.
_h[Text]
260 _aLancaster, Pa.
_bTechnomic Publishing Co.
_cc1998
300 _axi, 94 p. :
_bill. ;
_c23 cm.
504 _aIncludes index
505 0 _aIncludes index
650 0 _aEducational leadership
_xHandbooks, manuals, etc.
650 0 _aSchool management and organization
_xHandbooks, manuals, etc.
906 _a7
_bcbc
_ccopycat
_d3
_eopcn
_f19
_gy-gencatlg
920 _a**LC HAS REQ'D # OF SHELF COPIES**
922 _aad
991 _bc-GenColl
_hLB2805
_iP29 1998
_tCopy 1
_wBOOKS
942 0 0 _010
999 _c35598
_d35598